000 00650nam a2200217 a 4500
001 000022578
005 20240306073910.0
008 101013s2001 cu 000 p spa d
020 _a9591006128
040 _aDO-SdBNP
_bspa
_cBNPHU
082 _aCu861.42
_bM378p
100 1 _aMartí, José,
_d1853-1895
_9645
245 1 0 _aPoesía completa /
_cJosé Martí.
250 _aEdición Crítica; reimpresión de la segunda edición
260 _aLa Habana,
_c2001.
300 _a356 p. ;
_c23 cm.
500 _aIncluye referencias bibliográficas y notas .
650 4 _aPoesía cubana
_95226
650 4 _aLiteratura cubana
_91483
049 _aBNPD
999 _c22075
_d22075